Σε αναζήτηση της ευρωπαϊκής δημοκρατίας : η νέα συζήτηση για ένα σύνταγμα της Ευρωπαϊκής Ένωσης
Αποθηκεύτηκε σε:
| Κύριος συγγραφέας: | |
|---|---|
| Μορφή: | Βιβλίο |
| Γλώσσα: | Greek |
| Δημοσίευση: |
Αθήνα :
Παπαζήσης,
2014.
|
| Σειρά: | Διεθνής και ευρωπαϊκή πολιτική (Παπαζήσης)
|
| Θέματα: | |
| Ετικέτες: |
Προσθήκη ετικέτας
Δεν υπάρχουν, Καταχωρήστε ετικέτα πρώτοι!
|
MARC
| LEADER | 00000cam a2200000 i 4500 | ||
|---|---|---|---|
| 001 | 1/64268 | ||
| 008 | 150120s2014 gr | ||| |||| ||gre|| | ||
| 020 | |a 9789600230437 | ||
| 035 | |l 10120555 | ||
| 040 | |a GR-MY-UA |b gre |e aacr | ||
| 041 | 0 | |a gre | |
| 082 | 7 | |a 342.4 |2 (23) | |
| 100 | 1 | |a Γούναρης, Ιωάννης Δ. | |
| 245 | 1 | 0 | |a Σε αναζήτηση της ευρωπαϊκής δημοκρατίας : |b η νέα συζήτηση για ένα σύνταγμα της Ευρωπαϊκής Ένωσης / |c Γιάννης Γούναρης ; πρόλογος: Σωτήρης Ντάλης. |
| 260 | |a Αθήνα : |b Παπαζήσης, |c 2014. | ||
| 300 | |a 218 σ. ; |c 22 εκ. | ||
| 490 | 1 | |a (Διεθνής και ευρωπαϊκή πολιτική / Παπαζήσης) | |
| 504 | |a Βιβλιογραφία: σ. [203]-212. | ||
| 650 | 0 | 0 | |a Constitutional law |z European Union countries. |
| 650 | 0 | 0 | |a Law reform |z European Union countries. |
| 650 | 0 | 0 | |a Constitutional history |z European Union countries. |
| 651 | 0 | |a Europe |x Politics and government. | |
| 830 | 0 | |a Διεθνής και ευρωπαϊκή πολιτική (Παπαζήσης) | |
| 852 | |a INST |b RHODES |e 20150120 |h 342.4 ΓΟΥ |p 005400037490 |q 005400037490 |t BK |y 0 | ||
| 901 | |a BIBL4-2015-1 | ||
| 909 | |a Ρ |b 183807 | ||
| 922 | |a 4ΕΛΗ | ||
| 970 | |z 2015/01/20 | ||